Knights and castles
| Main Author: | |
|---|---|
| Format: | Book |
| Published: |
New York :
Simon & Schuster Books ,
c2007
|
| Subjects: |
MARC
| LEADER | 00000cam a2200000 7i4500 | ||
|---|---|---|---|
| 001 | 0000029383 | ||
| 005 | 20100518.0 | ||
| 008 | 100510 | ||
| 020 | |a 1416938648 | ||
| 090 | 0 | 0 | |a G |b ENG |
| 100 | 0 | |a Dixon, Philip. | |
| 245 | 1 | 0 | |a Knights and castles |
| 260 | |a New York : |b Simon & Schuster Books , |c c2007 | ||
| 300 | |a 64 p. : |b ill | ||
| 500 | |a 7-12 years old | ||
| 650 | 0 | |a Castles |v Juvenille Literature | |
| 650 | 0 | |a Knights |v Juvenille Literature | |
| 999 | |a 0001060774 |b Book |c Children Collection |e Cawangan Taman Sri Lambak | ||